Privatizácia bez koncepcie? Môžu byť úspechy otázkou náhody?

Koncepcia privatizácie. Výber metód privatizácie. Otázky vlastníctva, vlastnícka účasť zamestnancov. Úloha inštitucionálnych vlastníkov. Úloha zahraničného kapitálu v privatizačnom procese. Štát a jeho úloha v privatizačnom procese. Verejná kontrola privatizačných prevodov.

Saved in:
Bibliographic Details
Main Author: Kuzmišin, Peter
Format: Book Chapter
Language:Slovak
Subjects:
Tags: Add Tag
No Tags, Be the first to tag this record!

MARC

LEADER 00000naa a2200000 4500
001 r000385
005 20221205090953.0
041 0 |a slo 
044 |a SK 
245 1 0 |a Privatizácia bez koncepcie?  |b Môžu byť úspechy otázkou náhody?  |c P. Kuzmišin 
520 |a Koncepcia privatizácie. Výber metód privatizácie. Otázky vlastníctva, vlastnícka účasť zamestnancov. Úloha inštitucionálnych vlastníkov. Úloha zahraničného kapitálu v privatizačnom procese. Štát a jeho úloha v privatizačnom procese. Verejná kontrola privatizačných prevodov. 
610 2 0 |a privatizácia 
610 2 0 |a koncepcie 
610 2 0 |a vlastníctvo 
610 2 0 |a kontrola 
100 1 |a Kuzmišin, Peter